Mariae Lobgesang: das Magnificat
| 1. VerfasserIn: | |
|---|---|
| Beteiligte: | ; |
| Medienart: | Druck Buch |
| Sprache: | Deutsch |
| Subito Bestelldienst: | Jetzt bestellen. |
| Verfügbarkeit prüfen: | HBZ Gateway |
| WorldCat: | WorldCat |
| Fernleihe: | Fernleihe für die Fachinformationsdienste |
| Veröffentlicht: |
Stuttgart
Klett
[circa 1950]
|
| In: |
Anker-Bücherei (57)
Jahr: 1950 |
| Rezensionen: | Luther, Martin, Mariae Lobgesang (1951) (Arnold, Franz Xaver, 1898 - 1969)
|
| Ausgabe: | 1. Aufl. |
| Schriftenreihe/Zeitschrift: | Anker-Bücherei
57 |
| normierte Schlagwort(-folgen): | B
Theologie
B Luther, Martin 1483-1546 / Magnificat / Übersetzung |
| weitere Schlagwörter: | B
Luther,Martin
B Maria B Mary |
| Sammlungen: |
MARC
| LEADER | 00000cam a2200000 c 4500 | ||
|---|---|---|---|
| 001 | 1163926248 | ||
| 003 | DE-627 | ||
| 005 | 20251208231810.0 | ||
| 007 | tu | ||
| 008 | 010809s1950 gw ||||| 00| ||ger c | ||
| 016 | 7 | |a 453115063 |2 DE-101 | |
| 020 | |c : 1.20 (Pp.) | ||
| 035 | |a (DE-627)1163926248 | ||
| 035 | |a (DE-576)093926243 | ||
| 035 | |a (DE-599)BSZ093926243 | ||
| 035 | |a (OCoLC)49336773 | ||
| 035 | |a (OCoLC)720340353 | ||
| 035 | |a (OCoLC)49336773 | ||
| 040 | |a DE-627 |b ger |c DE-627 |e rakwb | ||
| 041 | |a ger | ||
| 044 | |c XA-DE | ||
| 084 | |a 02a |2 sdnb | ||
| 084 | |a 1 |2 ssgn | ||
| 084 | |a 11.55 |2 bkl | ||
| 084 | |a 11.61 |2 bkl | ||
| 084 | |a 11.31 |2 bkl | ||
| 100 | 1 | |0 (DE-588)118575449 |0 (DE-627)133813363 |0 (DE-576)162061560 |4 aut |a Luther, Martin |d 1483-1546 | |
| 109 | |a Luther, Martin 1483-1546 | ||
| 245 | 1 | 0 | |a Mariae Lobgesang |b das Magnificat |c verdeutscht u. ausgel. von Martin Luther.[Hrsg. und sprachlich neugefaßt von Hermine Rohner] |
| 250 | |a 1. Aufl. | ||
| 264 | 1 | |a Stuttgart |b Klett |c [circa 1950] | |
| 300 | |a 79 S. | ||
| 336 | |a Text |b txt |2 rdacontent | ||
| 337 | |a ohne Hilfsmittel zu benutzen |b n |2 rdamedia | ||
| 338 | |a Band |b nc |2 rdacarrier | ||
| 361 | 1 | |5 DE-1 |y 4175639632 |s 35 ZZ 4397 |o Sammlung |a Bibliothek Nelly und Wolfram Naumann |0 (DE-588)1186094494 |0 (DE-627)1665447826 |f Stempel | |
| 490 | 1 | |a Anker-Bücherei |v 57 | |
| 583 | 1 | |a Archivierung/Langzeitarchivierung gewährleistet |f PEBW |x XA-DE-BW |2 pdager |5 DE-24 | |
| 583 | 1 | |a Archivierung prüfen |c 20240324 |f DE-4165 |z 1 |2 pdager | |
| 650 | 4 | |a Maria | |
| 650 | 4 | |a Mary | |
| 650 | 4 | |a Luther,Martin | |
| 689 | 0 | 0 | |d s |0 (DE-588)4059758-1 |0 (DE-627)104131446 |0 (DE-576)209132159 |2 gnd |a Theologie |
| 689 | 0 | |5 (DE-627) | |
| 689 | 1 | 0 | |d p |0 (DE-588)118575449 |0 (DE-627)133813363 |0 (DE-576)162061560 |2 gnd |a Luther, Martin |d 1483-1546 |
| 689 | 1 | 1 | |d u |0 (DE-588)4037041-0 |0 (DE-627)104340592 |0 (DE-576)209021705 |a Magnificat |2 gnd |
| 689 | 1 | 2 | |d s |0 (DE-588)4061418-9 |0 (DE-627)104221534 |0 (DE-576)209139684 |2 gnd |a Übersetzung |
| 689 | 1 | |5 (DE-627) | |
| 700 | 1 | |e HerausgeberIn |0 (DE-588)128227028 |0 (DE-627)696249286 |0 (DE-576)296992151 |4 edt |a Röhner, Hermine | |
| 700 | 1 | |e VerfasserIn eines Nachworts |0 (DE-588)118573985 |0 (DE-627)079369286 |0 (DE-576)162024681 |4 waw |a Loewenich, Walther von |d 1903-1992 | |
| 787 | 0 | 8 | |i Rezension |a Arnold, Franz Xaver, 1898 - 1969 |t Luther, Martin, Mariae Lobgesang |d 1951 |w (DE-627)1525104322 |w (DE-576)455104328 |
| 830 | 0 | |a Anker-Bücherei |v 57 |9 57 |w (DE-627)13074574X |w (DE-576)019221916 |w (DE-600)987932-8 |7 am | |
| 889 | |w (DE-627)177774274 | ||
| 935 | |a RFBW |a mteo | ||
| 935 | |i mdedup | ||
| 936 | b | k | |a 11.55 |j Protestantismus |0 (DE-627)106403907 |
| 936 | b | k | |a 11.61 |j Dogmatik |j Konfessionskunde |0 (DE-627)106403850 |
| 936 | b | k | |a 11.31 |j Bibeltext |j Bibelübersetzungen |q DA-3 |0 (DE-627)10641528X |
| 951 | |a BO | ||
| BIB | |a 1 | ||
| BIR | |a 03001046_03001055 |b biblesearch | ||
| ELC | |b 1 | ||
| LOK | |0 000 xxxxxcx a22 zn 4500 | ||
| LOK | |0 001 4489097395 | ||
| LOK | |0 003 DE-627 | ||
| LOK | |0 004 1163926248 | ||
| LOK | |0 005 20240903094219 | ||
| LOK | |0 008 240221||||||||||||||||ger||||||| | ||
| LOK | |0 040 |a DE-Tue135 |c DE-627 |d DE-Tue135 | ||
| LOK | |0 092 |o n | ||
| LOK | |0 852 |a DE-Tue135 | ||
| LOK | |0 852 1 |9 00 | ||
| LOK | |0 866 |x SPQUE#Reformationsgeschichtliche Forschungsbibliothek Wittenberg#SPSAM#Predigerseminar#SPUSM#Bestand(1952-2017) | ||
| LOK | |0 935 |a RFBW |a bips |a psnb | ||
| LOK | |0 939 |a 21-02-24 |b l01 | ||
| ORI | |a SA-MARC-ixtheoa001.raw | ||
| STA | 0 | 0 | |a Luke,Magnificat,Maria,Mary (personal name),Mary,Theology,Theology,Translation,Translations |
| STB | 0 | 0 | |a Marie,Maria (nom de personne),Maria,Théologie,Théologie,Traduction,Traductions |
| STC | 0 | 0 | |a María,Teología,Teología,Traducción |
| STD | 0 | 0 | |a Maria,Teologia,Teologia,Traduzione |
| STE | 0 | 0 | |a 神学家,翻译 |
| STF | 0 | 0 | |a 神學家,翻譯 |
| STG | 0 | 0 | |a Maria,Teologia,Teologia,Tradução |
| STH | 0 | 0 | |a Богословие (мотив),Богословие,Мария (имя),Перевод (лингвистика) |
| STI | 0 | 0 | |a Θεολογία (μοτίβο),Θεολογία,Μαρία (προσωπικό όνομα),Μετάφραση |
| SUB | |a BIB | ||
| SYE | 0 | 0 | |a Madi,Madia,Madiya,Modh,Modi,Mudia , Marie Feodorowna,Marīia Feodorovna,Maria,Maria,Mary,Mary,Maria,Marie,Maria,Mary,Oignies, Marie de,Marie,Maria Anna,Maria,Maria,Maria,Maria,Maria,Maria,Maria,Maria,Maria Pawlowna,Marie,Maria Paulowna,Marie Paulowne,Maria Paulowna,Maria Paulowna,Maria Pawlowna,Maria Pawlowna,Maria Paulowna,Maria Paulowna,Maria Paulowna,Maria Paulowna,Maria Paulowna,Maria Paulowna,Maria Pawlowna,Maria Pawlowna,Marie Paulowne,Marie,Maria,Marie,Marie Pavlovna,Marie Paulowna,Maria Paulowna,Maria Paulowna,Maria Pawlowna,Marie Pawlowna,Maria Großfürstin v. Russland,Maria Großfürstin von Russland,Maria Paulovna,Maria Paulowna,Maria Pavlovna Großfürstin von Rußland,Maria Pavlovna,Maria Pavlovna,Maria Pawlowna Großfürstin von Rußland,Maria Paulowna,Maria Pawlowna,Maria,Maria,Marie Grand Duchess of Russia,Marie Paulowna,Marie Paulowne,Marija Pavlovna Großfürstin v. Russland,Marija Pavlovna Großfürstin von Rußland,Marie Pawlowna,Marie, Grand Duchess of Russia,Maria Paulowna,Tudor, Mary,Mary,Mary,Maria,Maria,Mary,Maria,Oisterwijk, Maria van,Hout, Maria van,Maria,Maria,Maria,Marie,Marie,Maria,Maria,Mary,Mary,Marie,Bloody Mary,Mary,Mary Stuart,Stuart, Mary,Maria von Tremolliae,Maria von Tremouille,LaTrémoille, Marie de |
| SYG | 0 | 0 | |a Christliche Theologie , Luther, Martino,1483-1546,Luther, Martinius,1483-1546,Luther, Martinn,1483-1546,Luther, Marttin,1483-1546,Luther, Martthin,1483-1546,Luther, Wartinus,1483-1546,Luther, Marcin,1483-1546,Luther, Marten,1483-1546,Luther, Marton,1483-1546,Luther, Merten,1483-1546,Luther, Märtin,1483-1546,Luther, Morten,1483-1546,Lúther, Marteinn,1483-1546,Luther, Johannes Martin,1483-1546,Luther, D. Martin,1483-1546,Luther, D.,1483-1546,Luther, M.,1483-1546,Luther, Mar.,1483-1546,Luta, Matin,1483-1546,Lutera, Mārtiņa,1483-1546,Lutero, M.,1483-1546,Luters, Mārtiņš,1483-1546,Lutherus, Martin,1483-1546,Luttherus, Martinus,1483-1546,Lutherus, Mar.,1483-1546,Lutherius, Martin,1483-1546,Luterus, Martinus,1483-1546,Luterius, Martin,1483-1546,Lutterus, Martinus,1483-1546,Lutteris, Mertinas,1483-1546,Lutter, Martinus,1483-1546,Lutera, Mahrtina,1483-1546,Luter, Martinus,1483-1546,Lutther, Martinus,1483-1546,Lüther, Martinus,1483-1546,Lüther, Martin,1483-1546,Luhter, Martin,1483-1546,Ludder, Martinus,1483-1546,Luder, Martin,1483-1546,Luderus, Martinus,1483-1546,Lude, Mading,1483-1546,Ludder, Martin,1483-1546,Lūdheảr̮, Mār̮ṯin,1483-1546,Lutr, Marćin,1483-1546,Luth., Mart.,1483-1546,Lut., Martinus,1483-1546,Luttar cāstiri,1483-1546,Eleutherius,1483-1546,Eleutherius, Martinus,1483-1546,Fregosus, Fridericus,1483-1546,Rut'ŏ, Marŭt'in,1483-1546,Luther, Marcźin,1483-1546,Liuterio, Martyno,1483-1546,Luters, Martīņš,1483-1546,Liutērius, Mertinas,1483-1546,Luterus, Mertinas,1483-1546,Luteraus, Mertino,1483-1546,Liuterius, Mertynas,1483-1546,Rutā, Marutin,1483-1546,Rutā,1483-1546,Luther, Marthin,1483-1546,Luter, Martí,1483-1546,Lûter, Marṭîn,1483-1546,Lutero, Martim,1483-1546,Lutero, Martino,1483-1546,Luthēros, Martinos,1483-1546,Luth., Martṇ,1483-1546,Martinus,Luther,1483-1546,D. M. L.,1483-1546,M. L.,Doctor,1483-1546,Lutherus,1483-1546,Luters, MŚartiĆnŚs,1483-1546,Lutter, Martin,1483-1546,Lutero, Martín,1483-1546,Luter, Martin,1483-1546,Martinus Eleutherius,1483-1546,Luther, Maarten,1483-1546,Luther, Martinus,1483-1546,Luther, Márton,1483-1546,Luther, Martti,1483-1546,Luther, Mertyn,1483-1546,Liuteris, Martynas,1483-1546,Ljuter, Martin,1483-1546,Luder, Martinus,1483-1546,Luter, Marcin,1483-1546,Lutero, Martin,1483-1546,Lutherus, Martinus,1483-1546,Lutterus, Mertinas,1483-1546,Lutther, Martin,1483-1546,Luyther, Martinus,1483-1546,L.D.M.,1483-1546,Luth., Martn,1483-1546,Rutʹo, Marutʹin,1483-1546,Luther, Martí,1483-1546,Luters, Martinïs,1483-1546,Lutr, Martin,1483-1546,Liuter, Martin,1483-1546,Luters, Martins,1483-1546,D. M. L. A.,1483-1546 , Bibel,Lukasevangelium,1,46-55,Magnifikat , Sprachübersetzung,Translation,Textübersetzung,Übersetzen,Übertragung,Sprachmitteln,Sprachmittlung |